№ 7 (108); Экономика и предпринимательство

Détails bibliographiques
Parent link:Экономика и предпринимательство. № 7 (108).— , 2019-.— 1999-2300
Résumé:Режим доступа: по договору с организацией-держателем ресурса
Langue:russe
Publié: 2019
Accès en ligne:https://elibrary.ru/contents.asp?id=41327756
Format: Électronique Livre
KOHA link:https://koha.lib.tpu.ru/cgi-bin/koha/opac-detail.pl?biblionumber=584725

MARC

LEADER 00000nam2a2200000 4500
001 584725
005 20231101131153.0
035 |a (RuTPU)RU\TPU\prd\286570 
035 |a RU\TPU\prd\285932 
090 |a 584725 
100 |a 20191217a20079999k y0rusy50 ca 
101 0 |a rus 
102 |a RU 
181 0 |a i  
182 0 |a b 
200 0 |a № 7 (108)  |b Электронный ресурс 
203 |a Текст  |c электронный 
210 |d 2019 
333 |a Режим доступа: по договору с организацией-держателем ресурса 
461 1 |0 (RuTPU)RU\TPU\prd\283550  |x 1999-2300  |t Экономика и предпринимательство  |v № 7 (108)  |d 2019- 
801 0 |a RU  |b 63413507  |c 20010227  |g PSBO 
801 1 |a RU  |b 63413507  |c 20170824 
801 2 |a RU  |b 63413507  |c 20191217  |g RCR 
856 4 0 |u https://elibrary.ru/contents.asp?id=41327756 
942 |c BK